[Event "2025 National K-12 Grade Championship"]
[Site "Spokane, WI USA, United States"]
[Date "2025.12.13"]
[Round "4.18"]
[White "Shin, Luke"]
[Black "Ramkumar, Nikhil"]
[Result "1-0"]
[TimeControl "G/90; d10"]
[WhiteFideId "39956814"]
[BlackFideId "150111234"]
[WhiteElo "2085"]
[BlackElo "1916"]

1. Nf3 {[%clk 01:30:00]} {[%emt 00:00:01]} d5 {[%clk 01:20:08]} {[%emt
00:10:03]} 2. g3 {[%clk 01:29:31]} {[%emt 00:00:39]} g6 {[%clk 01:20:08]}
{[%emt 00:00:06]} 3. Bg2 {[%clk 01:29:17]} {[%emt 00:00:24]} Bg7 {[%clk
01:20:08]} {[%emt 00:00:10]} 4. O-O {[%clk 01:28:49]} {[%emt 00:00:38]} e5
{[%clk 01:20:02]} {[%emt 00:00:16]} 5. d3 {[%clk 01:28:02]} {[%emt 00:00:58]}
Nc6 {[%clk 01:19:45]} {[%emt 00:00:26]} 6. c4 {[%clk 01:21:31]} {[%emt
00:06:41]} dxc4 {[%clk 01:15:00]} {[%emt 00:04:55]} 7. dxc4 {[%clk 01:21:00]}
{[%emt 00:00:41]} Be6 {[%clk 01:13:32]} {[%emt 00:01:38]} 8. Qa4 {[%clk
01:15:40]} {[%emt 00:05:31]} Nge7 {[%clk 01:12:50]} {[%emt 00:00:52]} 9. Nc3
{[%clk 01:13:09]} {[%emt 00:02:41]} f6 {[%clk 01:07:13]} {[%emt 00:05:47]} 10.
Rd1 {[%clk 01:08:00]} {[%emt 00:05:20]} Qc8 {[%clk 01:07:06]} {[%emt 00:00:16]}
11. Nd5 {[%clk 01:07:10]} {[%emt 00:01:00]} O-O {[%clk 01:06:38]} {[%emt
00:00:38]} 12. e4 {[%clk 01:04:31]} {[%emt 00:02:50]} Rd8 {[%clk 01:03:26]}
{[%emt 00:03:21]} 13. b3 {[%clk 01:01:50]} {[%emt 00:02:51]} a6 {[%clk
01:02:36]} {[%emt 00:01:00]} 14. Be3 {[%clk 01:00:26]} {[%emt 00:01:33]} Rb8
{[%clk 00:55:12]} {[%emt 00:07:34]} 15. Qa3 {[%clk 00:59:24]} {[%emt 00:01:12]}
Rd7 {[%clk 00:52:05]} {[%emt 00:03:18]} 16. Bc5 {[%clk 00:58:57]} {[%emt
00:00:38]} Kf7 {[%clk 00:51:15]} {[%emt 00:00:59]} 17. Rd3 {[%clk 00:51:44]}
{[%emt 00:07:24]} Bf8 {[%clk 00:48:11]} {[%emt 00:03:15]} 18. Rad1 {[%clk
00:50:56]} {[%emt 00:00:57]} b6 {[%clk 00:44:00]} {[%emt 00:04:21]} 19. Bxe7
{[%clk 00:49:36]} {[%emt 00:01:31]} Nxe7 {[%clk 00:37:34]} {[%emt 00:06:35]} 20.
Qb2 {[%clk 00:48:28]} {[%emt 00:01:19]} Nxd5 {[%clk 00:36:53]} {[%emt
00:00:51]} 21. cxd5 {[%clk 00:48:16]} {[%emt 00:00:22]} Bg4 {[%clk 00:36:53]}
{[%emt 00:00:05]} 22. h3 {[%clk 00:47:18]} {[%emt 00:01:10]} Bxf3 {[%clk
00:36:53]} {[%emt 00:00:06]} 23. Rxf3 {[%clk 00:47:18]} {[%emt 00:00:08]} Bd6
{[%clk 00:36:52]} {[%emt 00:00:10]} 24. h4 {[%clk 00:46:39]} {[%emt 00:00:49]}
Re7 {[%clk 00:36:06]} {[%emt 00:00:56]} 25. Kh2 {[%clk 00:45:31]} {[%emt
00:01:18]} Kg7 {[%clk 00:33:05]} {[%emt 00:03:11]} 26. Bh3 {[%clk 00:43:58]}
{[%emt 00:01:43]} Qb7 {[%clk 00:33:05]} {[%emt 00:00:06]} 27. h5 {[%clk
00:41:16]} {[%emt 00:02:53]} Rf8 {[%clk 00:29:42]} {[%emt 00:03:32]} 28. Qd2
{[%clk 00:40:09]} {[%emt 00:01:17]} g5 {[%clk 00:27:34]} {[%emt 00:02:17]} 29.
Qe2 {[%clk 00:38:21]} {[%emt 00:01:59]} h6 {[%clk 00:27:01]} {[%emt 00:00:42]}
30. Be6 {[%clk 00:38:05]} {[%emt 00:00:24]} Qa8 {[%clk 00:26:10]} {[%emt
00:01:02]} 31. Rf5 {[%clk 00:37:16]} {[%emt 00:01:00]} Qe8 {[%clk 00:25:31]}
{[%emt 00:00:49]} 32. Kg2 {[%clk 00:36:22]} {[%emt 00:01:03]} Qb5 {[%clk
00:24:18]} {[%emt 00:01:24]} 33. Qg4 {[%clk 00:35:42]} {[%emt 00:00:50]} Qb4
{[%clk 00:22:12]} {[%emt 00:02:16]} 34. Rf3 {[%clk 00:35:21]} {[%emt 00:00:31]}
Qb5 {[%clk 00:22:12]} {[%emt 00:00:10]} 35. Rc1 {[%clk 00:35:18]} {[%emt
00:00:14]} Qe8 {[%clk 00:21:51]} {[%emt 00:00:30]} 36. Rc6 {[%clk 00:34:26]}
{[%emt 00:01:01]} a5 {[%clk 00:21:27]} {[%emt 00:00:34]} 37. a4 {[%clk
00:34:07]} {[%emt 00:00:29]} Kh8 {[%clk 00:21:12]} {[%emt 00:00:24]} 38. Rfc3
{[%clk 00:33:59]} {[%emt 00:00:18]} Rg7 {[%clk 00:19:27]} {[%emt 00:01:55]} 39.
Kf1 {[%clk 00:29:01]} {[%emt 00:05:08]} Qa8 {[%clk 00:19:03]} {[%emt 00:00:34]}
40. Qe2 {[%clk 00:27:51]} {[%emt 00:01:20]} Qe8 {[%clk 00:18:40]} {[%emt
00:00:33]} 41. g4 {[%clk 00:26:28]} {[%emt 00:01:33]} Qa8 {[%clk 00:18:40]}
{[%emt 00:00:04]} 42. Qb5 {[%clk 00:25:51]} {[%emt 00:00:47]} Rd8 {[%clk
00:17:58]} {[%emt 00:00:52]} 43. Rf3 {[%clk 00:25:38]} {[%emt 00:00:24]} Rf8
{[%clk 00:17:18]} {[%emt 00:00:50]} 44. Rfc3 {[%clk 00:22:46]} {[%emt
00:03:03]} Qd8 {[%clk 00:16:54]} {[%emt 00:00:33]} 45. Ke2 {[%clk 00:21:46]}
{[%emt 00:01:10]} Re7 {[%clk 00:16:54]} {[%emt 00:00:09]} 46. Bf5 {[%clk
00:20:59]} {[%emt 00:00:58]} Rg7 {[%clk 00:16:36]} {[%emt 00:00:28]} 47. Qa6
{[%clk 00:19:13]} {[%emt 00:01:55]} Bb4 {[%clk 00:14:41]} {[%emt 00:02:05]} 48.
Rc2 {[%clk 00:18:12]} {[%emt 00:01:11]} Bd6 {[%clk 00:14:41]} {[%emt 00:00:04]}
49. Kd3 {[%clk 00:17:21]} {[%emt 00:01:01]} Re7 {[%clk 00:14:41]} {[%emt
00:00:04]} 50. f3 {[%clk 00:15:18]} {[%emt 00:02:14]} Kg7 {[%clk 00:14:28]}
{[%emt 00:00:23]} 51. Qc8 {[%clk 00:12:29]} {[%emt 00:02:59]} Kh8 {[%clk
00:12:03]} {[%emt 00:02:34]} 52. Qxd8 {[%clk 00:12:02]} {[%emt 00:00:37]} Rxd8
{[%clk 00:12:03]} {[%emt 00:00:05]} 53. Kc4 {[%clk 00:12:02]} {[%emt 00:00:05]}
Kg7 {[%clk 00:10:22]} {[%emt 00:01:51]} 54. Kb5 {[%clk 00:11:49]} {[%emt
00:00:22]} Kf7 {[%clk 00:09:42]} {[%emt 00:00:50]} 55. Ka6 {[%clk 00:11:27]}
{[%emt 00:00:32]} Bc5 {[%clk 00:03:44]} {[%emt 00:06:09]} 56. Kb7 {[%clk
00:11:22]} {[%emt 00:00:15]} Bd6 {[%clk 00:02:03]} {[%emt 00:01:51]} 57. R2c4
{[%clk 00:11:02]} {[%emt 00:00:30]} Ke8 {[%clk 00:01:39]} {[%emt 00:00:35]} 58.
Rc2 {[%clk 00:09:46]} {[%emt 00:01:26]} Kf8 {[%clk 00:01:30]} {[%emt 00:00:18]}
59. Bg6 {[%clk 00:09:31]} {[%emt 00:00:26]} Rdd7 {[%clk 00:01:19]} {[%emt
00:00:21]} 60. Kc8 {[%clk 00:09:01]} {[%emt 00:00:40]} Rg7 {[%clk 00:00:38]}
{[%emt 00:00:50]} 61. Bf5 {[%clk 00:08:04]} {[%emt 00:01:07]} Rde7 {[%clk
00:00:38]} {[%emt 00:00:01]} 62. Be6 {[%clk 00:07:30]} {[%emt 00:00:44]} Re8+
{[%clk 00:00:36]} {[%emt 00:00:13]} 63. Kb7 {[%clk 00:07:30]} {[%emt 00:00:08]}
Ree7 {[%clk 00:00:36]} 64. R2c4 {[%clk 00:06:28]} {[%emt 00:01:12]} Ke8 {[%clk
00:00:36]} {[%emt 00:00:08]} 65. Ka6 {[%clk 00:06:28]} {[%emt 00:00:10]} Kd8
{[%clk 00:00:36]} {[%emt 00:00:02]} 66. Rxd6+ {[%clk 00:06:28]} {[%emt
00:00:06]} 1-0

[Event "2025 National K-12 Grade Championship"]
[Site "Spokane, WI USA, United States"]
[Date "2025.12.13"]
[Round "4.19"]
[White "Guo, Ethan"]
[Black "Johnson, Emerson Aurelius"]
[Result "1-0"]
[TimeControl "G/90; d10"]
[WhiteTitle "FM"]
[WhiteFideId "30976359"]
[BlackFideId "39956938"]
[WhiteElo "2367"]
[BlackElo "2058"]

1. e4 {[%clk 01:30:00]} {[%emt 00:00:01]} c6 {[%clk 01:30:00]} {[%emt
00:00:05]} 2. d4 {[%clk 01:30:00]} {[%emt 00:00:07]} d5 {[%clk 01:30:00]}
{[%emt 00:00:04]} 3. e5 {[%clk 01:30:00]} {[%emt 00:00:04]} Bf5 {[%clk
01:30:00]} {[%emt 00:00:05]} 4. Nd2 {[%clk 01:30:00]} {[%emt 00:00:04]} e6
{[%clk 01:30:00]} {[%emt 00:00:08]} 5. Nb3 {[%clk 01:30:00]} {[%emt 00:00:09]}
a6 {[%clk 01:30:00]} {[%emt 00:00:04]} 6. Nf3 {[%clk 01:29:34]} {[%emt
00:00:36]} Nd7 {[%clk 01:29:50]} {[%emt 00:00:21]} 7. Be2 {[%clk 01:28:49]}
{[%emt 00:00:55]} c5 {[%clk 01:29:50]} {[%emt 00:00:07]} 8. O-O {[%clk
01:28:29]} {[%emt 00:00:29]} c4 {[%clk 01:28:21]} {[%emt 00:01:39]} 9. Nbd2
{[%clk 01:28:26]} {[%emt 00:00:13]} b5 {[%clk 01:28:13]} {[%emt 00:00:18]} 10.
Re1 {[%clk 01:26:09]} {[%emt 00:02:27]} Ne7 {[%clk 01:26:37]} {[%emt 00:01:45]}
11. Nf1 {[%clk 01:25:27]} {[%emt 00:00:52]} Nc6 {[%clk 01:25:27]} {[%emt
00:01:21]} 12. Ng3 {[%clk 01:25:06]} {[%emt 00:00:31]} Bg6 {[%clk 01:24:45]}
{[%emt 00:00:52]} 13. c3 {[%clk 01:21:18]} {[%emt 00:03:59]} Be7 {[%clk
01:21:30]} {[%emt 00:03:24]} 14. Nd2 {[%clk 01:19:20]} {[%emt 00:02:09]} Qb6
{[%clk 01:18:50]} {[%emt 00:02:49]} 15. Ndf1 {[%clk 01:17:11]} {[%emt
00:02:19]} O-O {[%clk 01:15:34]} {[%emt 00:03:26]} 16. Ne3 {[%clk 01:15:57]}
{[%emt 00:01:25]} b4 {[%clk 01:12:04]} {[%emt 00:03:39]} 17. f4 {[%clk
01:10:35]} {[%emt 00:05:33]} Bh4 {[%clk 01:07:48]} {[%emt 00:04:25]} 18. Bf3
{[%clk 01:07:25]} {[%emt 00:03:21]} Ne7 {[%clk 01:02:02]} {[%emt 00:05:55]} 19.
Rf1 {[%clk 01:02:44]} {[%emt 00:04:52]} Bd3 {[%clk 00:52:48]} {[%emt 00:09:23]}
20. Be2 {[%clk 00:58:13]} {[%emt 00:04:43]} Bg6 {[%clk 00:48:23]} {[%emt
00:04:34]} 21. f5 {[%clk 00:49:44]} {[%emt 00:08:40]} Bxg3 {[%clk 00:45:15]}
{[%emt 00:03:18]} 22. fxg6 {[%clk 00:48:55]} {[%emt 00:00:58]} Bh4 {[%clk
00:41:13]} {[%emt 00:04:11]} 23. gxh7+ {[%clk 00:47:41]} {[%emt 00:01:24]} Kh8
{[%clk 00:37:21]} {[%emt 00:04:03]} 24. Bh5 {[%clk 00:42:12]} {[%emt 00:05:39]}
f6 {[%clk 00:32:04]} {[%emt 00:05:27]} 25. exf6 {[%clk 00:36:19]} {[%emt
00:06:03]} Nxf6 {[%clk 00:26:36]} {[%emt 00:05:35]} 26. Bf3 {[%clk 00:36:00]}
{[%emt 00:00:31]} Nxh7 {[%clk 00:24:54]} {[%emt 00:01:52]} 27. Qe2 {[%clk
00:33:23]} {[%emt 00:02:48]} Rae8 {[%clk 00:22:35]} {[%emt 00:02:29]} 28. Ng4
{[%clk 00:31:44]} {[%emt 00:01:50]} Nc6 {[%clk 00:20:48]} {[%emt 00:01:56]} 29.
Kh1 {[%clk 00:30:20]} {[%emt 00:01:35]} a5 {[%clk 00:18:32]} {[%emt 00:02:27]}
30. Qc2 {[%clk 00:26:22]} {[%emt 00:04:07]} Qc7 {[%clk 00:14:17]} {[%emt
00:04:23]} 31. Be3 {[%clk 00:25:03]} {[%emt 00:01:31]} Rf5 {[%clk 00:13:20]}
{[%emt 00:01:06]} 32. g3 {[%clk 00:19:55]} {[%emt 00:05:19]} Bg5 {[%clk
00:11:35]} {[%emt 00:01:54]} 33. Bxg5 {[%clk 00:18:17]} {[%emt 00:01:48]} Nxg5
{[%clk 00:11:13]} {[%emt 00:00:32]} 34. Bg2 {[%clk 00:18:17]} {[%emt 00:00:04]}
Ref8 {[%clk 00:10:47]} {[%emt 00:00:36]} 35. Rxf5 {[%clk 00:17:56]} {[%emt
00:00:32]} Rxf5 {[%clk 00:10:36]} {[%emt 00:00:19]} 36. Ne3 {[%clk 00:17:24]}
{[%emt 00:00:43]} Rf6 {[%clk 00:08:56]} {[%emt 00:01:50]} 37. Qe2 {[%clk
00:15:59]} {[%emt 00:01:35]} Qf7 {[%clk 00:07:56]} {[%emt 00:01:09]} 38. Ng4
{[%clk 00:12:06]} {[%emt 00:04:04]} Rf5 {[%clk 00:07:30]} {[%emt 00:00:34]} 39.
Re1 {[%clk 00:10:49]} {[%emt 00:01:29]} Nf3 {[%clk 00:05:24]} {[%emt 00:02:16]}
40. Rd1 {[%clk 00:07:26]} {[%emt 00:03:33]} Ng5 {[%clk 00:04:50]} {[%emt
00:00:43]} 41. Re1 {[%clk 00:06:42]} {[%emt 00:00:54]} Nf3 {[%clk 00:04:48]}
{[%emt 00:00:13]} 42. Rd1 {[%clk 00:06:41]} {[%emt 00:00:11]} Ng5 {[%clk
00:04:48]} {[%emt 00:00:10]} 43. h4 {[%clk 00:04:29]} {[%emt 00:02:22]} Nh7
{[%clk 00:03:58]} {[%emt 00:01:00]} 44. Re1 {[%clk 00:03:58]} {[%emt 00:00:42]}
Nf8 {[%clk 00:03:03]} {[%emt 00:01:05]} 45. Kg1 {[%clk 00:03:58]} {[%emt
00:00:06]} Qc7 {[%clk 00:02:38]} {[%emt 00:00:34]} 46. Ne3 {[%clk 00:03:12]}
{[%emt 00:00:56]} Rf6 {[%clk 00:02:00]} {[%emt 00:00:48]} 47. Qh5+ {[%clk
00:03:10]} {[%emt 00:00:12]} Nh7 {[%clk 00:01:05]} {[%emt 00:01:05]} 48. Kh2
{[%clk 00:02:26]} {[%emt 00:00:54]} Qd6 {[%clk 00:00:56]} {[%emt 00:00:19]} 49.
Ng4 {[%clk 00:01:56]} {[%emt 00:00:40]} Rf8 {[%clk 00:00:52]} {[%emt 00:00:14]}
50. Qg6 {[%clk 00:01:52]} {[%emt 00:00:13]} Nf6 {[%clk 00:00:25]} {[%emt
00:00:37]} 51. Ne5 {[%clk 00:01:19]} {[%emt 00:00:43]} Ne4 {[%clk 00:00:10]}
{[%emt 00:00:25]} 52. Rxe4 {[%clk 00:00:46]} {[%emt 00:00:42]} Rf6 {[%clk
00:00:02]} {[%emt 00:00:18]} 53. Qxf6 {[%clk 00:00:15]} {[%emt 00:00:41]} Nxe5
{[%clk 00:00:02]} {[%emt 00:00:10]} 54. Qxe5 {[%clk 00:00:15]} {[%emt
00:00:02]} 1-0

[Event "2025 National K-12 Grade Championship"]
[Site "Spokane, WI USA, United States"]
[Date "2025.12.13"]
[Round "4.20"]
[White "Li, Mason Jin"]
[Black "Goodrich, Elliott"]
[Result "1/2-1/2"]
[TimeControl "G/90; d10"]
[WhiteFideId "39900720"]
[BlackFideId "39902064"]
[WhiteElo "2120"]
[BlackElo "2225"]

1. e4 {[%clk 01:30:00]} {[%emt 00:00:02]} e5 {[%clk 01:30:00]} {[%emt
00:00:03]} 2. Nf3 {[%clk 01:30:00]} {[%emt 00:00:09]} Nc6 {[%clk 01:30:00]}
{[%emt 00:00:04]} 3. d4 {[%clk 01:30:00]} {[%emt 00:00:09]} exd4 {[%clk
01:30:00]} {[%emt 00:00:08]} 4. Nxd4 {[%clk 01:30:00]} {[%emt 00:00:05]} Nf6
{[%clk 01:29:51]} {[%emt 00:00:18]} 5. Nxc6 {[%clk 01:30:00]} {[%emt 00:00:10]}
bxc6 {[%clk 01:29:51]} {[%emt 00:00:03]} 6. Nc3 {[%clk 01:30:00]} {[%emt
00:00:06]} Bb4 {[%clk 01:28:56]} {[%emt 00:01:05]} 7. Bd3 {[%clk 01:29:59]}
{[%emt 00:00:11]} d5 {[%clk 01:28:52]} {[%emt 00:00:15]} 8. exd5 {[%clk
01:29:54]} {[%emt 00:00:16]} O-O {[%clk 01:28:52]} {[%emt 00:00:06]} 9. O-O
{[%clk 01:29:54]} {[%emt 00:00:07]} Bg4 {[%clk 01:28:52]} {[%emt 00:00:02]} 10.
f3 {[%clk 01:29:44]} {[%emt 00:00:20]} Bh5 {[%clk 01:28:52]} {[%emt 00:00:03]}
11. dxc6 {[%clk 01:29:44]} {[%emt 00:00:05]} Qd4+ {[%clk 01:28:52]} {[%emt
00:00:03]} 12. Kh1 {[%clk 01:29:43]} {[%emt 00:00:10]} Bxc3 {[%clk 01:28:52]}
{[%emt 00:00:04]} 13. bxc3 {[%clk 01:29:43]} {[%emt 00:00:09]} Qxc3 {[%clk
01:28:52]} {[%emt 00:00:04]} 14. Rb1 {[%clk 01:29:43]} {[%emt 00:00:07]} Bg6
{[%clk 01:27:44]} {[%emt 00:01:17]} 15. Bb2 {[%clk 01:27:43]} {[%emt 00:02:10]}
Qxc6 {[%emt 00:00:27]} 16. Bxf6 {[%clk 01:27:38]} {[%emt 00:00:13]} Qxf6 {[%clk
01:26:08]} {[%emt 00:01:30]} 17. Bxg6 {[%clk 01:27:30]} {[%emt 00:00:19]} hxg6
{[%clk 01:24:59]} {[%emt 00:01:19]} 18. Qd3 {[%clk 01:27:02]} {[%emt 00:00:37]}
Rad8 {[%clk 01:18:55]} {[%emt 00:06:14]} 19. Qc4 {[%clk 01:26:31]} {[%emt
00:00:41]} Rd2 {[%clk 01:13:19]} {[%emt 00:05:45]} 20. Rbd1 {[%clk 01:23:17]}
{[%emt 00:03:25]} Rfd8 {[%clk 01:12:39]} {[%emt 00:00:51]} 21. Rxd2 {[%clk
01:22:47]} {[%emt 00:00:40]} Rxd2 {[%clk 01:12:39]} {[%emt 00:00:02]} 22. Qxc7
{[%clk 01:22:42]} {[%emt 00:00:14]} Qa6 {[%clk 01:10:56]} {[%emt 00:01:53]} 23.
Rb1 {[%clk 01:19:15]} {[%emt 00:03:37]} 1/2-1/2

[Event "2025 National K-12 Grade Championship"]
[Site "Spokane, WI USA, United States"]
[Date "2025.12.13"]
[Round "4.21"]
[White "Maokhampio, Lucas"]
[Black "Debmisra, Ariv"]
[Result "0-1"]
[TimeControl "G/90; d10"]
[WhiteFideId "39983307"]
[BlackFideId "39900207"]
[WhiteElo "1924"]
[BlackElo "2143"]

1. e4 {[%clk 01:30:00]} {[%emt 00:00:06]} c5 {[%clk 01:30:00]} {[%emt
00:00:12]} 2. Nf3 {[%clk 01:30:00]} {[%emt 00:00:07]} g6 {[%clk 01:30:00]}
{[%emt 00:00:04]} 3. c4 {[%clk 01:26:36]} {[%emt 00:03:34]} Nc6 {[%clk
01:29:57]} {[%emt 00:00:13]} 4. d4 {[%clk 01:26:27]} {[%emt 00:00:19]} cxd4
{[%clk 01:29:57]} {[%emt 00:00:09]} 5. Nxd4 {[%clk 01:26:27]} {[%emt 00:00:08]}
Bg7 {[%clk 01:29:57]} {[%emt 00:00:03]} 6. Be3 {[%clk 01:25:15]} {[%emt
00:01:22]} Nf6 {[%clk 01:29:57]} {[%emt 00:00:05]} 7. Nc3 {[%clk 01:24:55]}
{[%emt 00:00:29]} d6 {[%clk 01:29:57]} {[%emt 00:00:08]} 8. f3 {[%clk
01:24:53]} {[%emt 00:00:11]} O-O {[%clk 01:29:57]} {[%emt 00:00:06]} 9. Be2
{[%clk 01:24:13]} {[%emt 00:00:49]} Bd7 {[%clk 01:29:55]} {[%emt 00:00:14]} 10.
O-O {[%clk 01:21:03]} {[%emt 00:03:19]} Nxd4 {[%clk 01:29:47]} {[%emt
00:00:20]} 11. Bxd4 {[%clk 01:20:56]} {[%emt 00:00:16]} Bc6 {[%clk 01:29:47]}
{[%emt 00:00:07]} 12. Qd2 {[%clk 01:10:40]} {[%emt 00:10:24]} Qa5 {[%clk
01:29:37]} {[%emt 00:00:21]} 13. Rfd1 {[%clk 01:10:01]} {[%emt 00:00:48]} Rfc8
{[%clk 01:29:32]} {[%emt 00:00:15]} 14. b3 {[%clk 01:05:02]} {[%emt 00:05:09]}
Qd8 {[%clk 01:29:14]} {[%emt 00:00:28]} 15. Rac1 {[%clk 01:02:24]} {[%emt
00:02:48]} a6 {[%clk 01:28:59]} {[%emt 00:00:25]} 16. Qb2 {[%clk 00:59:05]}
{[%emt 00:03:28]} Qe8 {[%clk 01:22:27]} {[%emt 00:06:43]} 17. Nd5 {[%clk
00:53:52]} {[%emt 00:05:22]} Bxd5 {[%clk 01:20:53]} {[%emt 00:01:44]} 18. exd5
{[%clk 00:52:45]} {[%emt 00:01:17]} b5 {[%clk 01:19:11]} {[%emt 00:01:52]} 19.
Qd2 {[%clk 00:50:42]} {[%emt 00:02:12]} bxc4 {[%clk 01:15:48]} {[%emt
00:03:34]} 20. Bxc4 {[%clk 00:46:59]} {[%emt 00:03:52]} Qd7 {[%clk 01:13:52]}
{[%emt 00:02:06]} 21. Qd3 {[%clk 00:45:36]} {[%emt 00:01:32]} Bh6 {[%clk
01:05:56]} {[%emt 00:08:07]} 22. Be3 {[%clk 00:44:13]} {[%emt 00:01:33]} Bxe3+
{[%clk 01:04:40]} {[%emt 00:01:26]} 23. Qxe3 {[%clk 00:44:13]} {[%emt
00:00:08]} Qa7 {[%clk 01:04:01]} {[%emt 00:00:50]} 24. Kf2 {[%clk 00:41:06]}
{[%emt 00:03:17]} a5 {[%clk 01:02:54]} {[%emt 00:01:18]} 25. a3 {[%clk
00:36:14]} {[%emt 00:05:02]} Qb7 {[%clk 00:55:33]} {[%emt 00:07:31]} 26. Rb1
{[%clk 00:33:56]} {[%emt 00:02:28]} Rc5 {[%clk 00:54:46]} {[%emt 00:00:57]} 27.
Qd3 {[%clk 00:31:27]} {[%emt 00:02:39]} Rac8 {[%clk 00:52:41]} {[%emt
00:02:15]} 28. Kf1 {[%clk 00:27:49]} {[%emt 00:03:48]} R8c7 {[%clk 00:52:13]}
{[%emt 00:00:39]} 29. Qd4 {[%clk 00:27:20]} {[%emt 00:00:36]} Nd7 {[%clk
00:51:39]} {[%emt 00:00:48]} 30. Rbc1 {[%clk 00:20:48]} {[%emt 00:06:42]} a4
{[%clk 00:49:00]} {[%emt 00:02:49]} 31. Rb1 {[%clk 00:16:10]} {[%emt 00:04:48]}
Qa8 {[%clk 00:44:50]} {[%emt 00:04:19]} 32. Rdc1 {[%clk 00:13:16]} {[%emt
00:03:04]} axb3 {[%clk 00:43:52]} {[%emt 00:01:08]} 33. Rxb3 {[%clk 00:13:11]}
{[%emt 00:00:15]} Rxc4 {[%clk 00:42:31]} {[%emt 00:01:30]} 34. Rxc4 {[%clk
00:10:56]} {[%emt 00:02:25]} Qa6 {[%clk 00:42:31]} {[%emt 00:00:08]} 35. Rbb4
{[%clk 00:09:09]} {[%emt 00:01:57]} Ne5 {[%clk 00:42:20]} {[%emt 00:00:22]} 36.
Ra4 {[%clk 00:07:34]} {[%emt 00:01:45]} Rxc4 {[%clk 00:41:58]} {[%emt
00:00:32]} 37. Rxa6 {[%clk 00:06:48]} {[%emt 00:00:56]} Rxd4 {[%clk 00:41:58]}
{[%emt 00:00:08]} 38. Ra7 {[%clk 00:06:19]} {[%emt 00:00:38]} Rxd5 {[%clk
00:41:31]} {[%emt 00:00:38]} 39. Rxe7 {[%clk 00:06:06]} {[%emt 00:00:23]} Ra5
{[%clk 00:41:25]} {[%emt 00:00:15]} 40. Re8+ {[%clk 00:06:06]} {[%emt
00:00:07]} Kg7 {[%clk 00:41:25]} {[%emt 00:00:03]} 41. Rd8 {[%clk 00:06:02]}
{[%emt 00:00:14]} Nc4 {[%clk 00:41:24]} {[%emt 00:00:12]} 42. Rc8 {[%clk
00:04:36]} {[%emt 00:01:35]} Nxa3 {[%clk 00:41:23]} {[%emt 00:00:11]} 43. Ke2
{[%clk 00:04:12]} {[%emt 00:00:34]} Rc5 {[%clk 00:41:23]} {[%emt 00:00:11]} 44.
Rd8 {[%clk 00:04:06]} {[%emt 00:00:14]} Nb5 {[%clk 00:41:20]} {[%emt 00:00:13]}
45. Kd3 {[%clk 00:03:58]} {[%emt 00:00:18]} d5 {[%clk 00:41:20]} {[%emt
00:00:07]} 46. Rd7 {[%clk 00:03:12]} {[%emt 00:00:55]} Kf6 {[%clk 00:41:20]}
{[%emt 00:00:08]} 47. f4 {[%clk 00:03:06]} {[%emt 00:00:15]} Ke6 {[%clk
00:41:20]} {[%emt 00:00:05]} 48. Rb7 {[%clk 00:03:06]} {[%emt 00:00:08]} d4
{[%clk 00:40:57]} {[%emt 00:00:35]} 49. Rb6+ {[%clk 00:02:46]} {[%emt
00:00:30]} Kd5 {[%clk 00:40:54]} {[%emt 00:00:13]} 50. Rb7 {[%clk 00:02:45]}
{[%emt 00:00:11]} Rc3+ {[%clk 00:40:54]} {[%emt 00:00:09]} 51. Kd2 {[%clk
00:02:45]} {[%emt 00:00:09]} Nd6 {[%clk 00:40:54]} {[%emt 00:00:09]} 52. Ra7
{[%clk 00:02:45]} {[%emt 00:00:09]} Ne4+ {[%clk 00:40:51]} {[%emt 00:00:14]} 53.
Kd1 {[%clk 00:02:41]} {[%emt 00:00:11]} d3 {[%clk 00:40:39]} {[%emt 00:00:24]}
54. Rxf7 {[%clk 00:02:41]} {[%emt 00:00:06]} Kd4 {[%clk 00:40:39]} {[%emt
00:00:07]} 55. Rxh7 {[%clk 00:02:34]} {[%emt 00:00:17]} d2 {[%clk 00:40:32]}
{[%emt 00:00:17]} 56. Rd7+ {[%clk 00:02:03]} {[%emt 00:00:41]} Ke3 {[%clk
00:40:32]} {[%emt 00:00:02]} 57. Rxd2 {[%clk 00:01:27]} {[%emt 00:00:46]} Nxd2
{[%clk 00:40:32]} {[%emt 00:00:01]} 58. g3 {[%clk 00:01:27]} {[%emt 00:00:02]}
Nb3 {[%clk 00:40:32]} {[%emt 00:00:03]} 59. h4 {[%clk 00:01:05]} {[%emt
00:00:32]} Rc1# {[%emt 00:00:03]} 0-1